Vnútorná kontrola, interný audit poisťovne, externý audit poisťovne
Salvato in:
| Autore principale: | |
|---|---|
| Natura: | Capitolo di libro |
| Lingua: | slovacco |
| Soggetti: | |
| Tags: |
Nessun Tag, puoi essere il primo ad aggiungerne!!
|
MARC
| LEADER | 00000naa$a2200000$$$4500 | ||
|---|---|---|---|
| 001 | 0190213 | ||
| 005 | 20240502073211.9 | ||
| 041 | 0 | |a slo | |
| 044 | |a SK | ||
| 245 | 1 | 0 | |a Vnútorná kontrola, interný audit poisťovne, externý audit poisťovne |c Anna Majtánová |
| 610 | 2 | 0 | |a poisťovníctvo |
| 610 | 2 | 0 | |a poisťovne |
| 610 | 2 | 0 | |a poistenie |
| 610 | 2 | 0 | |a poisťovne komerčné |
| 610 | 2 | 0 | |a právo poistné |
| 610 | 2 | 0 | |a kontroling |
| 610 | 2 | 0 | |a audit interný |
| 610 | 2 | 0 | |a audit externý |
| 100 | 1 | |a Majtánová, Anna | |